| 000 | 00543nam a2200193Ia 4500 | ||
|---|---|---|---|
| 005 | 20250516150615.0 | ||
| 008 | 250327s9999 xx 000 0 und d | ||
| 020 |
_a9789353334185 _qhbk |
||
| 041 | _aeng | ||
| 082 |
_a320.954 _bNAQ;1 |
||
| 100 | _aNaqvi, Saba | ||
| 245 | 0 |
_aPolitics of Jugaad: The coalition handbook _c/Saba Naqvi |
|
| 250 | _a1st ed. | ||
| 260 |
_bRupa publications india _c2019 _aNew Delhi |
||
| 300 |
_a142 p. _c19 cm. |
||
| 504 | _aindex | ||
| 650 | _aCoalition; BJP; Business of politics ; | ||
| 942 | _cENGLISH | ||
| 999 |
_c570316 _d570316 |
||